Online
Catalog

Guía de la ciudad de Santo Domingo / (Record no. 13981)

MARC details
000 -CABECERA
campo de control de longitud fija 00938nam a2200241 a 4500
001 - NÚMERO DE CONTROL
campo de control 000014390
003 - IDENTIFICADOR DEL NÚMERO DE CONTROL
campo de control OSt
005 - FECHA Y HORA DE LA ÚLTIMA TRANSACCIÓN
campo de control 20201026100824.0
008 - DATOS DE LONGITUD FIJA--INFORMACIÓN GENERAL
campo de control de longitud fija 091211s19-- dr ab 000 0 spa d
040 ## - FUENTE DE LA CATALOGACIÓN
Centro catalogador/agencia de origen DO-SdBNP
Lengua de catalogación spa
Centro/agencia transcriptor BNPHU
082 ## - NÚMERO DE LA CLASIFICACIÓN DECIMAL DEWEY
Número de clasificación xxxx
Número de documento/Ítem G943c
245 00 - MENCIÓN DE TÍTULO
Título Guía de la ciudad de Santo Domingo /
Mención de responsabilidad, etc. colaboradores Paulino Gómez Laranguete , Fiol D'alisa Rivas de Gómez, Agustín A. Féliz López, Anyel Luisa Féliz López y Erick Franco.
260 ## - PUBLICACIÓN, DISTRIBUCIÓN, ETC.
Lugar de publicación, distribución, etc. Santo Domingo :
Nombre del editor, distribuidor, etc. Sociedad Editorial Dominicana,
Fecha de publicación, distribución, etc. [19uu].
300 ## - DESCRIPCIÓN FÍSICA
Extensión 236 p. :
Otras características físicas il., map. ;
Dimensiones 21 cm.
500 ## - NOTA GENERAL
Nota general Incluye apéndice con mapas
590 ## - NOTA LOCAL (RLIN)
Nota local Inventariado, 2020/ YL
700 1# - PUNTO DE ACCESO ADICIONAL--NOMBRE DE PERSONA
Nombre de persona Gómez Laranguete, Paulino,
Término indicativo de función/relación col.
9 (RLIN) 32498
700 1# - PUNTO DE ACCESO ADICIONAL--NOMBRE DE PERSONA
Nombre de persona Rivas Gómez, Fiol D'alisa de,
Término indicativo de función/relación col.
9 (RLIN) 32499
700 1# - PUNTO DE ACCESO ADICIONAL--NOMBRE DE PERSONA
Nombre de persona Féliz López, Agustín A.,
Término indicativo de función/relación col.
9 (RLIN) 32500
700 1# - PUNTO DE ACCESO ADICIONAL--NOMBRE DE PERSONA
Nombre de persona Féliz López, Anyel Luisa,
Término indicativo de función/relación col.
9 (RLIN) 32501
700 1# - PUNTO DE ACCESO ADICIONAL--NOMBRE DE PERSONA
Nombre de persona Franco, Erick
Término indicativo de función/relación col.
9 (RLIN) 32502
942 ## - ELEMENTOS DE PUNTO DE ACCESO ADICIONAL (KOHA)
Fuente del sistema de clasificación o colocación Dewey Decimal Classification
Tipo de ítem Koha Libro
Holdings
Estado de retiro Estado de pérdida Fuente del sistema de clasificación o colocación No para préstamo Código de colección Localización permanente Ubicación/localización actual Ubicación en estantería Fecha de adquisición Fuente de adquisición Número de inventario Total de préstamos Signatura topográfica completa Código de barras Fecha visto por última vez Precio válido a partir de Tipo de ítem Koha
    Dewey Decimal Classification Excluido de préstamo Patrimonio Dominicano Patrimonio Dominicano Patrimonio Dominicano En catalogación 27.07.2017 I.C.D.A. LF1   xxxx G943c 14390-10 25.06.2020 25.06.2020 Libro y Folleto Colección Patrimonio Dominicano

Powered by Koha